| 000 -LEADER |
| fixed length control field |
05296cam a22003618i 4500 |
| 001 - CONTROL NUMBER |
| control field |
19287695 |
| 003 - CONTROL NUMBER IDENTIFIER |
| control field |
ASAB |
| 005 - DATE AND TIME OF LATEST TRANSACTION |
| control field |
20180827062851.0 |
| 008 - FIXED-LENGTH DATA ELEMENTS--GENERAL INFORMATION |
| fixed length control field |
160923s2016 nyu b 000 0 eng |
| 010 ## - LIBRARY OF CONGRESS CONTROL NUMBER |
| LC control number |
2016036867 |
| 020 ## - INTERNATIONAL STANDARD BOOK NUMBER |
| International Standard Book Number |
9781621820369 (hardback) |
| 040 ## - CATALOGING SOURCE |
| Language of cataloging |
eng |
| Transcribing agency |
ASAB |
| 042 ## - AUTHENTICATION CODE |
| Authentication code |
pcc |
| 050 00 - LIBRARY OF CONGRESS CALL NUMBER |
| Classification number |
QP552.T72 |
| Item number |
B56 2017 |
| 082 00 - DEWEY DECIMAL CLASSIFICATION NUMBER |
| Classification number |
572/.65 |
| Edition number |
23 |
| 084 ## - OTHER CLASSIFICATION NUMBER |
| Classification number |
SCI072000 |
| -- |
SCI049000 |
| -- |
SCI017000 |
| Number source |
bisacsh |
| 100 ## - MAIN ENTRY--PERSONAL NAME |
| Personal name |
Rik Derynck |
| 9 (RLIN) |
4136 |
| 245 04 - TITLE STATEMENT |
| Title |
The biology of the TGF-[Beta] family / |
| Statement of responsibility, etc. |
edited by Rik Derynck, University of California, San Francisco, Kohei Miyazono, The University of Tokyo. |
| 300 ## - PHYSICAL DESCRIPTION |
| Extent |
x, 1164 pages : |
| Other physical details |
illustrations (some color) ; |
| Dimensions |
26 cm |
| 504 ## - BIBLIOGRAPHY, ETC. NOTE |
| Bibliography, etc. note |
Includes bibliographical references. |
| 505 8# - FORMATTED CONTENTS NOTE |
| Formatted contents note |
Machine generated contents note: -- (preliminary) -- 1. The discovery and early days of TGF-Beta: a historical perspective. -- Hal Moses, Anita Roberts, Rik Derynck -- 2. TGF-Beta and the TGF-Beta family, context-dependent roles in cell and tissue physiology -- Kohei Miyazono, Rik Derynck -- 3. Activins and inhibins -- Chester Brown -- 4. Bone morphogenetic proteins -- Takenobu Katagiri, Tetsu Watabe -- 5. Regulation of the bioavailability of TGF-Beta and TGF-Beta-related proteins -- Dan Rifkin -- 6. Agonists and antagonists of TGF-Beta family ligands -- Chenbei Chang -- 7. TGF-Beta family receptors -- Calle Heldin and Aris Moustakas -- 8. TGF-Beta signaling from receptors to Smads -- Akiko Hata, Ye-Guang Chen -- 9. Transcriptional control by Smads -- Caroline Hill -- 10. Post-translational control of Smads -- Xin-Hua Feng -- 11. Regulation of TGF-Beta family signaling by inhibitory Smads -- Keiji Miyazawa, Kohei Miyazono -- 12. Structural basis of ligand-receptor interactions -- Andrew Hinck, Thomas Müller, Tim Springer -- 13. Structural basis of intracellular signaling process: receptors and Smads -- Alex Bullock -- 14. Non-Smad TGF-Beta family signaling -- Ying Zhang -- 15. Signaling crosstalk in TGF-Beta signaling -- Kunxin Luo -- 16. TGF-Beta family signaling in the control of cell proliferation and survival -- Xiao-Fan Wang -- 17. TGF-Beta family signaling in Drosophila -- Mike O'Connor -- 18. TGF-Beta family signaling in C. elegans -- Cathy Savage-Dunn, Rick Padgett -- 19. TGF-Beta family signaling in early vertebrate development -- Liz Robertson -- 20. TGF-Beta family signaling in embryonic and somatic stem cell renewal and differentiation -- Jeff Wrana, Alan Mullen -- 21. TGF-Beta family signaling in epithelial differentiation and epithelial-mesenchymal transition -- Aris Moustakas -- 22. TGF-Beta family signaling in mesenchymal differentiation -- Brendan Lee, Yuji Mishina -- 23. TGF-Beta family signaling in endothelial cell differentiation, vasculogenesis and angiogenesis -- Peter ten Dijke -- 24. TGF-Beta family signaling in the control of hematopoiesis -- Stefan Karlsson, Ulrika Blank -- 25. TGF-Beta family signaling in lymphocyte and immune cell differentiation and function -- Shomyseh Sanjabi and Ming Li -- 26. TGF-Beta family signaling in neural and neuronal differentiation, development and function -- John Kessler -- 27. Control of the reproductive system by TGF-Beta family signaling -- Stephanie Pangas, Martin Matzuk -- 28. TGF-Beta family signaling in connective tissue and skeletal diseases -- Eileen Shore, Hal Dietz -- 29. TGF-Beta family signaling in tumor suppression and cancer progression -- Joan Seoane and Roger Gomis -- 30. TGF-Beta signaling and the tumor micro-environment -- Hal Moses -- 31. TGF-Beta signaling and fibrosis -- Hal Chapman -- 32. TGF-Beta-based therapeutical approaches -- Lalage Wakefield, Rosemary Akhurst -- 33. Activin/myostatin-based therapeutic approaches -- Se-Jin Lee, HQ Han -- 34. BMP-based therapeutic approaches -- Vicki Rosen. |
| 520 ## - SUMMARY, ETC. |
| Summary, etc. |
" Members of the transforming growth factor b (TGFb) family, which include activins and bone morphogenetic proteins (BMPs), are essential intercellular signaling molecules that control of cell proliferation and embryonic development. This books provides a comprehensive view of the different members of the TGFb family and their receptors, as well as their roles in normal physiology and development and pathological conditions such as cancer. "-- |
| 520 ## - SUMMARY, ETC. |
| Summary, etc. |
"Members of the transforming growth factor β (TGFβ) family, which include activins and bone morphogenetic proteins (BMPs), are essential intercellular signaling molecules that control of cell proliferation and embryonic development. This book provides a comprehensive view of the different members of the TGFβ family and their receptors, as well as their roles in normal physiology and development and pathological conditions such as cancer"-- |
| 650 #0 - SUBJECT ADDED ENTRY--TOPICAL TERM |
| Topical term or geographic name entry element |
Transforming growth factors-beta. |
| 9 (RLIN) |
4137 |
| 650 #7 - SUBJECT ADDED ENTRY--TOPICAL TERM |
| Topical term or geographic name entry element |
SCIENCE / Life Sciences / Biology / Developmental Biology. |
| Source of heading or term |
bisacsh |
| 9 (RLIN) |
4138 |
| 650 #7 - SUBJECT ADDED ENTRY--TOPICAL TERM |
| Topical term or geographic name entry element |
SCIENCE / Life Sciences / Biology / Molecular Biology. |
| Source of heading or term |
bisacsh |
| 9 (RLIN) |
4139 |
| 650 #7 - SUBJECT ADDED ENTRY--TOPICAL TERM |
| Topical term or geographic name entry element |
SCIENCE / Life Sciences / Cytology. |
| Source of heading or term |
bisacsh |
| 9 (RLIN) |
4140 |
| 700 1# - ADDED ENTRY--PERSONAL NAME |
| Personal name |
Derynck, Rik, |
| Relator term |
editor. |
| 9 (RLIN) |
4141 |
| 700 1# - ADDED ENTRY--PERSONAL NAME |
| Personal name |
Miyazono, Kōhei, |
| Dates associated with a name |
1956- |
| Relator term |
editor. |
| 9 (RLIN) |
4142 |
| 906 ## - LOCAL DATA ELEMENT F, LDF (RLIN) |
| a |
7 |
| b |
cbc |
| c |
orignew |
| d |
1 |
| e |
ecip |
| f |
20 |
| g |
y-gencatlg |
| 942 ## - ADDED ENTRY ELEMENTS (KOHA) |
| Source of classification or shelving scheme |
|
| Koha item type |
Book |